Faculty of Law Library — Cairo University

Official Online Catalog

Afro-Asian Jurists Conference / (Record no. 58887)

MARC details
000 -LEADER
fixed length control field 01036nam a2200313 i 4500
003 - CONTROL NUMBER IDENTIFIER
control field EG-GICUC
005 - DATE AND TIME OF LATEST TRANSACTION
control field 20260124142800.0
008 - FIXED-LENGTH DATA ELEMENTS--GENERAL INFORMATION
fixed length control field 260124s1957 sy ||||fr ||| 00| 0 eng d
040 ## - CATALOGING SOURCE
Original cataloging agency EG-GICUC
Transcribing agency EG-GICUC
Modifying agency EG-GICUC
Description conventions rda
Language of cataloging ara
041 0# - LANGUAGE CODE
Language code of text/sound track or separate title eng
082 04 - DEWEY DECIMAL CLASSIFICATION NUMBER
Edition number 21
Classification number 341.48
Item number DA . A
092 04 - LOCALLY ASSIGNED DEWEY CALL NUMBER (OCLC)
Edition number 21
099 ## - LOCAL FREE-TEXT CALL NUMBER (OCLC)
Classification number Law1 11 341.48 DA . A 1957
110 ## - MAIN ENTRY--CORPORATE NAME
Corporate name or jurisdiction name as entry element The Damascus Bar Association
Relator term Author.
245 12 - TITLE STATEMENT
Title Afro-Asian Jurists Conference /
Statement of responsibility, etc. The Damascus Bar Association .
246 ## - VARYING FORM OF TITLE
Title proper/short title مؤتمر الحقوقين الآسيويين الأفريقيين
264 #0 - PRODUCTION, PUBLICATION, DISTRIBUTION, MANUFACTURE, AND COPYRIGHT NOTICE
Place of production, publication, distribution, manufacture Dumascus :
Name of producer, publisher, distributor, manufacturer The Damascus Bar Association ,
Date of production, publication, distribution, manufacture, or copyright notice 1957 .
300 ## - PHYSICAL DESCRIPTION
Extent 261 Pages;
Dimensions 30 cm.
336 ## - CONTENT TYPE
Content type term text
Source rda content
337 ## - MEDIA TYPE
Media type term Computer
Source rda media
338 ## - CARRIER TYPE
Carrier type term Online Resource
Source rda carrier
546 ## - LANGUAGE NOTE
Language note النص باللغة الإنجليزية
650 04 - SUBJECT ADDED ENTRY--TOPICAL TERM
Topical term or geographic name entry element Public international law
650 04 - SUBJECT ADDED ENTRY--TOPICAL TERM
Topical term or geographic name entry element human rights
651 1# - SUBJECT ADDED ENTRY--GEOGRAPHIC NAME
Source of heading or term qrmak
856 ## - ELECTRONIC LOCATION AND ACCESS
Uniform Resource Identifier <a href="https://fll.law.cu.edu.eg/fulltext/th/B11-05654.pdf">https://fll.law.cu.edu.eg/fulltext/th/B11-05654.pdf</a>
905 ## - Cataloger and Reviser Names
Cataloger Name: Logain Ashraf
942 ## - ADDED ENTRY ELEMENTS (KOHA)
Source of classification or shelving scheme Dewey Decimal Classification
Koha item type Books
Edition 21
Suppress in OPAC No
Holdings
Withdrawn status Lost status Source of classification or shelving scheme Damaged status Not for loan Collection Home library Current library Date acquired Total checkouts Full call number Barcode Date last seen Copy number Price effective from Koha item type
    Dewey Decimal Classification   Not for loan القانون الدولي العام جــــامعة القــاهرة مكتبة كلية الحقوق - المبنى الرئيسي 24.01.2026   Law1 11 341.48 DA . A 1957 1105654 C1 B11-05654 24.01.2026 1 24.01.2026 Books

© All rights reserved — Faculty of Law, Cairo University